Формирование композиции "металл-полимер" на поверхности титанового сплава; Инновационные технологии и экономика в машиностроении; Т. 1

Detalhes bibliográficos
Parent link:Инновационные технологии и экономика в машиностроении: сборник трудов V Международной научно-практической конференции, г. Юрга, 22-23 мая 2014 г./ Национальный исследовательский Томский политехнический университет (ТПУ), Юргинский технологический институт (ЮТИ) ; под ред. Д. А. Чинахова.— , 2014
Т. 1.— 2014.— [С. 259-263]
Autor principal: Клименов В. А. Василий Александрович
Corporate Authors: Национальный исследовательский Томский политехнический университет (ТПУ) Институт неразрушающего контроля (ИНК) Кафедра оборудования и технологии сварочного производства (ОТСП), Национальный исследовательский Томский политехнический университет (ТПУ) Юргинский технологический институт (филиал) (ЮТИ) Кафедра технологии машиностроения (ТМС)
Outros Autores: Зайцев К. В. Константин Викторович, Борозна В. Ю. Вячеслав Юрьевич
Resumo:Заглавие с титульного листа.
Idioma:russo
Publicado em: 2014
Colecção:Инновационные технологии получения и обработки материалов в машиностроении
Assuntos:
Acesso em linha:http://www.lib.tpu.ru/fulltext/c/2014/C30/V1/063.pdf
Formato: MixedMaterials Recurso Electrónico Capítulo de Livro
KOHA link:https://koha.lib.tpu.ru/cgi-bin/koha/opac-detail.pl?biblionumber=607123

MARC

LEADER 00000naa2a2200000 4500
001 607123
005 20260313164018.0
035 |a (RuTPU)RU\TPU\conf\4504 
035 |a RU\TPU\conf\4502 
090 |a 607123 
100 |a 20140701d2014 k y0rusy50 ca 
101 0 |a rus 
102 |a RU 
135 |a drcn ---uucaa 
181 0 |a i  
182 0 |a b 
200 1 |a Формирование композиции "металл-полимер" на поверхности титанового сплава  |f В. А. Клименов, К. В. Зайцев, В. Ю. Борозна 
203 |a Текст  |c электронный 
215 |a 1 файл (515 Кб) 
225 1 |a Инновационные технологии получения и обработки материалов в машиностроении 
300 |a Заглавие с титульного листа. 
320 |a [Библиогр.: с. 263 (18 назв.)] 
337 |a Adobe Reader 
461 1 |0 (RuTPU)RU\TPU\conf\4003  |t Инновационные технологии и экономика в машиностроении  |o сборник трудов V Международной научно-практической конференции, г. Юрга, 22-23 мая 2014 г.  |o в 2 т.  |f Национальный исследовательский Томский политехнический университет (ТПУ), Юргинский технологический институт (ЮТИ) ; под ред. Д. А. Чинахова  |d 2014 
463 1 |0 (RuTPU)RU\TPU\conf\4012  |t Т. 1  |v [С. 259-263]  |d 2014 
610 1 |a труды учёных ТПУ 
610 1 |a электронный ресурс 
610 1 |a композиции 
610 1 |a металл-полимер 
610 1 |a поверхности 
610 1 |a титановые сплавы 
610 1 |a металлы 
610 1 |a полимеры 
700 1 |a Клименов  |b В. А.  |c специалист в области неразрушающего контроля  |c профессор Томского политехнического университета, доктор технических наук  |c проректор-директор Института неразрушающего контроля Томского политехнического университета  |f 1951-  |g Василий Александрович  |3 (RuTPU)RU\TPU\pers\27985  |9 12975 
701 1 |a Зайцев  |b К. В.  |c специалист в области машиностроения  |c старший преподаватель Юргинского технологического института (филиала) Томского политехнического университета  |f 1981-  |g Константин Викторович  |3 (RuTPU)RU\TPU\pers\24225 
701 1 |a Борозна  |b В. Ю.  |c специалист в области технологии машиностроения  |c ассистент Юргинского технологического института (филиал) Томского политехнического университета  |g Вячеслав Юрьевич  |3 (RuTPU)RU\TPU\pers\27413 
712 0 2 |a Национальный исследовательский Томский политехнический университет (ТПУ)  |b Институт неразрушающего контроля (ИНК)  |b Кафедра оборудования и технологии сварочного производства (ОТСП)  |3 (RuTPU)RU\TPU\col\18708 
712 0 2 |a Национальный исследовательский Томский политехнический университет (ТПУ)  |b Юргинский технологический институт (филиал) (ЮТИ)  |b Кафедра технологии машиностроения (ТМС)  |3 (RuTPU)RU\TPU\col\18902 
801 2 |a RU  |b 63413507  |c 20160217  |g RCR 
856 4 |u http://www.lib.tpu.ru/fulltext/c/2014/C30/V1/063.pdf 
942 |c CF